000 00768nam a2200253Ia 4500
003 OSt
005 20220918165440.0
006 a|||||r|||| 00| 0
007 ta
008 220917b |||||||| |||| 00| 0 eng d
020 _a81 7041 540 6 (hbk)
_c350
024 _a237,810
037 _b263, 23/12/2008, N. R. Book Distributors
_cTextual
040 _aARTS
_cARTS
_beng
041 _2eng
_aeng
082 _aV243.M5, N1
100 _aBakshi S. R.
_924227
245 0 _aHistory of the Punjab
_b Maharaja Ranjit Singh
260 _aNew Delhi
_bAnmol Publications India
_c1991
300 _a315p.
_ccm.
650 _aHISTORY
942 _hV243.M5, N1
_cTEXL
_2CC
999 _c129825
_d129825